Find the US Metros Quiz Stats

 Plays Quiz not verified by Sporcle

Also try: Find 100 US Metros
Challenge
Share
Tweet
Score 0/30 Timer 04:00
0 Plays Today
% Correct
New York
97.5%
Chicago
97.3%
Atlanta
96%
Boston
95.9%
Las Vegas
95%
Phoenix
94.8%
Kansas City
94.8%
Miami
94.4%
Detroit
94.4%
Denver
94.4%
Portland
94.3%
San
Francisco
94.1%
Seattle
94.1%
Orlando
94.1%
Minneapolis-St Paul
93.3%
% Correct
San Diego
93.2%
Cleveland
93.2%
Los Angeles
92.6%
Baltimore
92.4%
San Antonio
92.4%
Sacramento
92%
Pittsburgh
91.7%
Tampa
89.5%
Houston
89.4%
Philadelphia
87.9%
Riverside
87.7%
Washington
86.2%
Dallas
85.8%
Cincinnati
85.3%
St Louis
84%

You're not logged in!

Compare scores with friends on all Sporcle quizzes.
Join for Free
OR
Log In

You Might Also Like...

Show Comments

Extras

Created Jan 11, 2017ReportNominate
Tags:100, retro, US Metros

Top Quizzes Today


Score Distribution

Your Account Isn't Verified!

In order to create a playlist on Sporcle, you need to verify the email address you used during registration. Go to your Sporcle Settings to finish the process.

Report this User

Report this user for behavior that violates our Community Guidelines.

Details: